<Die> schweizerischen Wirtschaftsvertretungen im Ausland

Guardado en:
Detalles Bibliográficos
Formato: Libro
Lenguaje:alemán
Publicado: Bern Stämpfli 1944
Etiquetas: Agregar Etiqueta
Sin Etiquetas, Sea el primero en etiquetar este registro!

MARC

LEADER 00000nam a2200000 4500
001 0268143
005 20240822101711.3
041 0 |a ger 
044 |a CH 
245 1 0 |a <Die> schweizerischen Wirtschaftsvertretungen im Ausland  |c Kurt Rohner 
264 1 |a Bern  |b Stämpfli  |c 1944